000 00603nam a2200205Ia 4500
003 GCL
008 140319s9999 xx 000 0 ara d
020 _a4062552061
040 _aGCL /
_cGCL
082 0 4 _aط
_b813
_bس ا
100 1 _aستاندجوفسكى,ميشال
245 1 0 _aاين محيو /
_cستاندجوفسكى,ميشال
250 _aالاولى
260 _aبيروت :
_bدار الكتاب العالمى ،
_c1996
300 _a:
_bايض ؛
_c27 سم
650 0 4 _aالاطفال
650 0 4 _aقصص الاطفال
650 0 4 _aادب الاطفال
942 _2ddc
_cBK
999 _c8590
_d8590